| 000 | 00606 a2200181 4500 | ||
|---|---|---|---|
| 020 | _a1852590548 | ||
| 020 | _a9781852590543 | ||
| 090 |
_c3696 _d3696 |
||
| 100 | 1 | _aCoates, Jonathan. | |
| 245 | 1 | 0 |
_aPractical management development / _cJonathan Coates. |
| 260 |
_a[S.l.] : _bNimrod Press Ltd, _c1988. |
||
| 300 | _a219 p. | ||
| 500 | _aPaperback. | ||
| 700 | 1 | _aHouchin, Kate. | |
| 856 | 4 | 0 |
_3Amazon.com _uhttp://www.amazon.com/exec/obidos/ASIN/1852590548/chopaconline-20 |
| 856 | 4 | 0 |
_3Amazon customer reviews _uhttp://www.chopac.org/cgi-bin/tools/azrev.pl?q=1852590548 |
| 942 |
_aNBS _cBK _k658.409 COA |
||
| 999 |
_c346162 _d346162 |
||